Central Library OPAC University of Rajshahi

Systematic inorganic chemistry : (Record no. 73219)

MARC details
000 -LEADER
fixed length control field 00795nam a2200241 a 4500
001 - CONTROL NUMBER
control field 73219
003 - CONTROL NUMBER IDENTIFIER
rucl marc code BD-RjUL
005 - DATE AND TIME OF LATEST TRANSACTION
control field 20211209082349.0
008 - FIXED-LENGTH DATA ELEMENTS--GENERAL INFORMATION
fixed length control field 140123r19611939enka a 001 0 eng d
035 ## - SYSTEM CONTROL NUMBER
System control number (BD-RjUL)73437
040 ## - CATALOGING SOURCE
Original cataloging agency MNY
Transcribing agency MNY
Modifying agency NOC
-- EQO
-- BD-RjUL
Language of cataloging eng
041 ## - LANGUAGE CODE
Language code of text/sound track or separate title eng
082 ## - DEWEY DECIMAL CLASSIFICATION NUMBER
Edition number 23
Classification number 546
Author mark and year CAS 1961
100 1# - MAIN ENTRY--PERSONAL NAME
Personal name Caven, R. M.
Fuller form of name (Robert Martin),
Dates associated with a name 1870-1934.
9 (RLIN) 31770
245 10 - TITLE STATEMENT
Title Systematic inorganic chemistry :
Remainder of title from the standpoint of the periodic law /
Statement of responsibility, etc. by R.M. Caven ;
250 ## - EDITION STATEMENT
Edition statement 6th ed. / revised by A. B. Crawford
260 ## - PUBLICATION, DISTRIBUTION, ETC. (IMPRINT)
Place of publication, distribution, etc. London :
Name of publisher, distributor, etc. Blackie & Son,
Date of publication, distribution, etc. 1939 [1958-1961].
300 ## - PHYSICAL DESCRIPTION
Pagination xviii, 546 p. :
Illustrations ill. ;
Size 20 cm.
504 ## - BIBLIOGRAPHY, ETC. NOTE
Bibliography, etc Includes index
650 #0 - SUBJECT ADDED ENTRY--TOPICAL TERM
Topical term or geographic name as entry element Chemistry, Inorganic.
9 (RLIN) 31771
700 1# - ADDED ENTRY--PERSONAL NAME
Personal name Crawford, A. B. , reviser
942 ## - ADDED ENTRY ELEMENTS (KOHA)
Source of classification or shelving scheme Dewey Decimal Classification
Koha item type Books
Holdings
Lost status Source of classification or shelving scheme Damaged status Not for loan Collection code Permanent Location Current Location Shelving location Date acquired Source of acquisition Cost, normal purchase price Total Checkouts Full call number Date last seen Copy number Koha item type
  Dewey Decimal Classification   Not For Loan Non-fiction Central Library, University of Rajshahi Central Library, University of Rajshahi Reading Room 13/03/1963 Zeithinger 22.60   546 CAS 1961 29/05/2017 C-1 Books
  Dewey Decimal Classification     Non-fiction Central Library, University of Rajshahi Central Library, University of Rajshahi   20/10/1962 Zeitlinger 22.00   546 CAS 1961 12/11/2018 C-2 Books
  Dewey Decimal Classification     Non-fiction Central Library, University of Rajshahi Central Library, University of Rajshahi   31/01/1963 Zeitlinger 22.00   546 CAS 1961 12/11/2018 C-3 Books
  Dewey Decimal Classification     Non-fiction Central Library, University of Rajshahi Central Library, University of Rajshahi   13/03/1963 Zeitlinger 22.60   546 CAS 1961 15/11/2018 C-4 Books
  Dewey Decimal Classification     Non-fiction Central Library, University of Rajshahi Central Library, University of Rajshahi   20/10/1962 Zeitlinger 22.00   546 CAS 1961 18/11/2018 C-5 Books
  Dewey Decimal Classification     Non-fiction Central Library, University of Rajshahi Central Library, University of Rajshahi   20/10/1962 Zeitlinger 22.00   546 CAS 1961 18/11/2018 C-6 Books
  Dewey Decimal Classification     Non-fiction Central Library, University of Rajshahi Central Library, University of Rajshahi   20/10/1962 Zeitlinger 22.00   546 CAS 1956 18/11/2018 C-7 Books
  Dewey Decimal Classification     Non-fiction Central Library, University of Rajshahi Central Library, University of Rajshahi   20/10/1962 Zeitlinger 22.00   546 CAS 1958 18/11/2018 C-8 Books
  Dewey Decimal Classification     Non-fiction Central Library, University of Rajshahi Central Library, University of Rajshahi   31/01/1963 Zeitlinger 22.00   546 CAS 1961 20/11/2018 C-9 Books
  Dewey Decimal Classification     Non-fiction Central Library, University of Rajshahi Central Library, University of Rajshahi   13/03/1985 Zeitlinger 70.00   546 CAS 1961 22/11/2018 C-10 Books